Satellitensysteme für Kommunikation,Fernsehen und Rundfunk. Theorie und Technologie /

Salvato in:
Dettagli Bibliografici
Autori principali: Dodel, Hans (Autore), Baumgart, Michael (Autore)
Natura: Libro
Pubblicazione: Heidelberg : Dr. Alfred Hüthig Verlag, 1990
Edizione:2. Auflage
Tags: Aggiungi Tag
Nessun Tag, puoi essere il primo ad aggiungerne!!

MARC

LEADER 00000nam a22000003a 4500
001 stu47170
005 20150617225710.3
008 ------s1990----gw----------------------d
040 |a STU  |b slo 
041 0
044 |a gw 
080 |a 621.39  |7 stu_us_auth*stu8291 
100 1 |a Dodel, Hans  |4 aut 
245 1 |a Satellitensysteme für Kommunikation,Fernsehen und Rundfunk. Theorie und Technologie /  |c [aut.] Dodel,Hans; Baumgart,Michael 
250 |a 2. Auflage 
260 |a Heidelberg :  |b Dr. Alfred Hüthig Verlag,  |c 1990 
300 |a 213 s 
700 1 |a Baumgart, Michael  |4 aut 
996 |b J86403  |c J*86403/›D  |l JJST  |s P  |a 0  |w stu47170_0001